Engineering Mechanics. Statics/ (Record no. 799)

MARC details
000 -LEADER
fixed length control field 00917nac a22002891u 4500
008 - FIXED-LENGTH DATA ELEMENTS--GENERAL INFORMATION
fixed length control field 100908s2001 n a frb 001 0 eng d
010 ## - LIBRARY OF CONGRESS CONTROL NUMBER
LC control number 2001271592
020 ## - INTERNATIONAL STANDARD BOOK NUMBER
International Standard Book Number 0130200050
020 ## - INTERNATIONAL STANDARD BOOK NUMBER
International Standard Book Number 9780130200051
040 ## - CATALOGING SOURCE
Original cataloging agency EG-ScBUE
Language of cataloging eng
Transcribing agency EG-ScBUE
082 04 - DEWEY DECIMAL CLASSIFICATION NUMBER
Classification number 620.1053
Item number HIB
Edition number 22
100 1# - MAIN ENTRY--PERSONAL NAME
Personal name Hibbeler, R. C.
9 (RLIN) 18774
245 10 - TITLE STATEMENT
Title Engineering Mechanics. Statics/
Statement of responsibility, etc R.C. Hibbeler.
250 ## - EDITION STATEMENT
Edition statement 9th ed.
260 ## - PUBLICATION, DISTRIBUTION, ETC. (IMPRINT)
Place of publication, distribution, etc Upper Saddle River :
Name of publisher, distributor, etc Prentice Hall,
Date of publication, distribution, etc c.2001.
300 ## - PHYSICAL DESCRIPTION
Extent xv, 624 p. :
Other physical details col. ill. ;
Dimensions 24 cm.
500 ## - GENERAL NOTE
General note Index : p. 622-624.
500 ## - GENERAL NOTE
General note Answer to selected problems : p. 609-621.
500 ## - GENERAL NOTE
General note Appendix : 582-608.
504 ## - BIBLIOGRAPHY, ETC. NOTE
Bibliography, etc Includes bibliographical references.
590 ## - LOCAL NOTE (RLIN)
Local note Menna elemam
650 #0 - SUBJECT ADDED ENTRY--TOPICAL TERM
Topical term or geographic name as entry element Statics.
9 (RLIN) 18775
Source of heading or term BUEsh
650 #0 - SUBJECT ADDED ENTRY--TOPICAL TERM
Topical term or geographic name as entry element Strength of materials.
9 (RLIN) 10669
Source of heading or term BUEsh
651 ## - SUBJECT ADDED ENTRY--GEOGRAPHIC NAME
Source of heading or term BUEsh
653 ## - INDEX TERM--UNCONTROLLED
Resource For college Engineering, General
Arrived date list August2015
942 ## - ADDED ENTRY ELEMENTS (KOHA)
Item type Book - Borrowing
Call number prefix 620.1053 HIB
Source of classification or shelving scheme Dewey Decimal Classification
Holdings
Withdrawn status Item status Source of classification or shelving scheme Damaged status Not for loan Vendor Home library Current library Shelving location Date acquired Source of acquisition Cost, normal purchase price Total Checkouts Total Renewals Full call number Barcode Date last seen Date last borrowed Cost, replacement price Koha item type
    Dewey Decimal Classification       Central Library Central Library First floor 08/09/2010   270.00 4 20 620.1053 HIB 000003768 15/07/2025 22/10/2019 337.50 Book - Borrowing